| 000 | 01136cam a22003373a 4500 | ||
|---|---|---|---|
| 001 | 0000755 | ||
| 003 | DO-SdBNP | ||
| 005 | 20240118110902.0 | ||
| 007 | 0000755 | ||
| 008 | 8611121999 sp a 000 0 spa d | ||
| 010 | _a | ||
| 020 | _a8420447919 | ||
| 040 |
_aBPMSU _cspa _dBPMSU _d |
||
| 082 |
_a833.91 _bK41c 1999 _222 |
||
| 100 | 1 |
_aKerr, Judith _d1923- |
|
| 245 | 1 | 0 |
_aCuando Hitler robó el conejo rosa / _cJudith Kerr ; traducción María Luisa Balseiro |
| 250 | _a2a. ed. 14a. reimpr. 1999 | ||
| 260 |
_aMadrid, España : _bAlfaguara, _bSantillana Ediciones Generales, _c1999 |
||
| 300 |
_a264 p. : _bil. ; _c20 cm. |
||
| 490 | 0 | _aAlfaguara juvenil | |
| 500 | _aIncluye datos biográficos del autor. | ||
| 500 | _aLiteratura para niños a partir de los 12 años. | ||
| 521 | _aA partir de 12 años. | ||
| 534 |
_aTítulo original : _tWhen Hitler stole pink rabbit |
||
| 590 | _aInventariado, 2024/VM | ||
| 650 | 4 | _a Novela juvenil alemana. | |
| 650 | 4 |
_aGuerra Mundial II, 1939-1945 _vNovela juvenil |
|
| 700 | 1 |
_aBalseiro, María Luisa _etrad. |
|
| 910 | _aVMateo V. Cotrol de calidad.BPMSU | ||
| 942 |
_2ddc _cBK |
||
| 999 |
_c11694 _d11694 |
||